00321nam a2200121Ia 4500008004100000041000800041082001600049100001600065245004500081260003200126300003000158365001100188240624s9999 xx 000 0 und d aeng a364.168 KUM aKUMAR G RAM aCYBER CRIMES A PRIMER ON INTERNET THREAT c2006aNew DelhibViva Books axx, : 156 : p. : cm. ; 21 cRSb32